书目信息 |
| 书名: | student workbook to accompany statistics | |
| 作者: | by Robert S.Witte. | |
| 分册号: | ||
| 分册名: | 出版地: | NEW YORK : |
|
| 出版社: | Harcourt Brace & Company | |
| 出版时间: | 1997. | |
| 页数: | 204 p. ; | |
| 开本: | 21cm. | |
| 丛书名: | ||
| 中图分类号: | ||
| 科图分类号: | ||
| 其他分类号: | C812 | |
| 主题词: | ||
| 电子资源: | ||
| 000 | 00439nam 2200157 a 4500 | |
| 001 | E0735302868 | |
| 005 | 20070708100402.07 | |
| 008 | 070708s1997 00010 eng | |
| 040 | @aPFT@beng | |
| 090 | @aC812 | |
| 099 | @dC812@ex99=5 | |
| 245 | 1 | @astudent workbook to accompany statistics / @cby Robert S.Witte. |
| 250 | @a5th ed. | |
| 260 | @aNEW YORK :@bHarcourt Brace & Company,@c1997. | |
| 300 | @a204 p. ;@c21cm. | |
| 700 | @aby Witte,Robert S. | |
| student workbook to accompany statistics / / by Robert S.Witte.-5th ed.-NEW YORK : : Harcourt Brace & Company, , 1997. |
| 204 p. ; ; 21cm. |
| ISBN |
| ● |
| 相关链接 |
|
|
|
|
正题名:student workbook to accompany statistics
索取号:C812/x99=5
 
预约/预借
| 序号 | 登录号 | 条形码 | 馆藏地/架位号 | 状态 | 备注 |
| 1 | 11365 | 300113650 | 第二样本阅览室/ [索取号:C812/x99=5] | 在馆 |